Foreign financial control in China

Đã lưu trong:
書目詳細資料
主要作者: Overlach, T. W.
格式: 圖書
語言:Undetermined
出版: New York The Macmillan 1919
主題:
標簽: 添加標簽
沒有標簽, 成為第一個標記此記錄!
Thư viện lưu trữ: Trung tâm Học liệu Trường Đại học Cần Thơ
LEADER 00541nam a2200205Ia 4500
001 CTU_105525
008 210402s9999 xx 000 0 und d
082 |a 332.6 
082 |b O.96 
100 |a Overlach, T. W. 
245 0 |a Foreign financial control in China 
245 0 |c T. W. Overlach 
260 |a New York 
260 |b The Macmillan 
260 |c 1919 
650 |a Finance,Economic conditions 
650 |y 1912-1949 
650 |z China,China 
904 |i Nguyên 
980 |a Trung tâm Học liệu Trường Đại học Cần Thơ